Statistics for Longest River by Body of Water

Click here to take the quiz!

General Stats

  • This quiz has been taken 36 times
    (23 since last reset)
  • The average score is 16 of 18

Answer Stats

WaterRiver% Correct
Gulf of MexicoMississippi
100%
Bay of BiscayLoire
96%
Gulf of ThailandMekong
96%
Gulf of GuineaNiger
96%
Adriatic SeaPo
91%
Caspian SeaVolga
91%
Mozambique ChannelZambezi
91%
Atlantic OceanAmazon
87%
Black SeaDanube
87%
Mediterranean SeaNile
87%
North SeaRhine
87%
East China SeaYangtze
87%
Gulf of CaliforniaColorado
83%
Persian GulfEuphrates
83%
Arabian SeaIndus
83%
Bering SeaYukon
78%
Baltic SeaVistula
74%
Sea of AzovDon
57%

Score Distribution

Percentile by Number Answered

Percent of People with Each Score

Your Score History

You have not taken this quiz since the last reset